Name the Last Four III Quiz Stats

 Plays Quiz Updated Jun 12, 2018

Challenge
Share
Tweet
Embed
Score 0/48 Timer 08:00
0 Plays Today
% Correct
Zimbabwe
85.4%
Thanksgiving
81.8%
Christmas
81.4%
Zambia
75.1%
Joe Biden
74.4%
Yemen
70.7%
Boardwalk
70%
Al Gore
68.9%
Elizabeth II
68.2%
Park Place
66.6%
Dick Cheney
64%
Sochi, Russia
59.4%
Veterans Day
58.3%
Columbus Day
55%
Vancouver, Canada
54.3%
Mike Pence
54.2%
Washington Capitals
53.6%
Chicago Blackhawks
53.5%
Jacksonville Jaguars
51.3%
Django Unchained
49.8%
Pittsburgh Penguins
48.6%
Houston Texans
48.6%
Carolina Panthers
48.2%
George V
45.8%
% Correct
Los Angeles Kings
45.4%
Chance
45.4%
The Hateful Eight
44.3%
Baltimore Ravens
44.3%
Pyeongchang, South Korea
44.2%
Luxury Tax
43%
George VI
41.1%
Turin, Italy
40.5%
Inglourious Basterds
36.6%
Edward VIII
36.2%
South Sudan
32.8%
Vietnam
30.3%
Malachi
16.1%
Timor-Leste
15.4%
Grindhouse
15%
Zechariah
13.5%
Zephaniah
12.7%
Montenegro
11.8%
Haggai
11.4%
Switzerland
7.7%
Ytterbium
7.5%
Erbium
6.6%
Lutetium
6.2%
Thulium
5%

You're not logged in!

Compare scores with friends on all Sporcle quizzes.
Join for Free
OR
Log In

You Might Also Like...

Show Comments

Extras

Top Quizzes Today


Score Distribution

Your Account Isn't Verified!

In order to create a playlist on Sporcle, you need to verify the email address you used during registration. Go to your Sporcle Settings to finish the process.

Report this User

Report this user for behavior that violates our Community Guidelines.

Details: